[Event "A64 Open"]
[Site "Olomouc CZE"]
[Date "2000.08.03"]
[Round "2"]
[White "Meyer,Ew"]
[Black "Karlik,V"]
[Result "1/2-1/2"]
[WhiteElo "2031"]
[BlackElo "2285"]

1.e4 g6 2.d4 Bg7 3.Nc3 c6 4.Bc4 d6 5.Be3 Nf6 6.f3 d5 7.exd5 cxd5 8.Bb5+ Bd7
9.Bxd7+ Qxd7 10.Nge2 Nc6 11.Qd2 O-O 12.Bh6 Bxh6 13.Qxh6 Rfc8 14.O-O-O b5
15.h4 b4 16.Nb1 Qd8 17.h5 Qf8 18.hxg6 Qxh6+ 19.Rxh6 Kg7 20.Rh4 hxg6 21.Kd2 Na5
22.b3 Nb7 23.Rc1 Nd6 24.a4 Rab8 25.Kd1 g5 26.Rh2 g4 27.Nd2 Nf5 28.Nf1 e6
29.Kd2 a5 30.Ne3 Nxe3 31.Kxe3 gxf3 32.gxf3 Ne8 33.Kd2 Kf6 34.c3 Nd6 35.cxb4 Rxc1
36.Kxc1 Rxb4 37.Kc2 Nf5 38.Kc3 e5 39.dxe5+ Kxe5 40.Rh5 Ke6 41.Kc2 Ne3+  1/2-1/2

[Event "Proclient Cup"]
[Site "Olomouc CZE"]
[Date "2000.08.05"]
[Round "6"]
[White "Hardarson,R"]
[Black "Simacek,P"]
[Result "1/2-1/2"]
[WhiteElo "2320"]
[BlackElo "2341"]

1.e4 g6 2.d4 Bg7 3.Nc3 c6 4.Be3 d5 5.e5 h5 6.Qd2 Nh6 7.O-O-O b5 8.Kb1 a5
9.Bd3 a4 10.Bg5 Qa5 11.Re1 Be6 12.Nf3 Nd7 13.a3 Nb6 14.Ne2 Qxd2 15.Bxd2 Bg4
16.Ng5  1/2-1/2

[Event "FSGM August"]
[Site "Budapest HUN"]
[Date "2000.08.06"]
[Round "2"]
[White "Medvegy,Z"]
[Black "Vadasz,L"]
[Result "1-0"]
[WhiteElo "2428"]
[BlackElo "2301"]

1.e4 g6 2.d4 Bg7 3.Nc3 c6 4.f4 d5 5.e5 h5 6.Nf3 Bg4 7.h3 Bxf3 8.Qxf3 e6 9.Be3 h4
10.Bd3 Ne7 11.O-O Nd7 12.Ne2 Nf5 13.Bf2 Bf8 14.Kh2 Be7 15.b3 c5 16.c4 dxc4
17.Bxc4 cxd4 18.Qxb7 O-O 19.Rfd1 Bc5 20.Qf3 Nb6 21.Bd3 Rc8 22.Bxf5 exf5 23.Bxd4 Bxd4
24.Nxd4 Qd5 25.Qxd5 Nxd5 26.Nxf5 gxf5 27.Rxd5 Rc2 28.Rd6 Rf2 29.Kg1 Rxf4
30.Rf1 Rxf1+ 31.Kxf1 Rc8 32.Ra6 Re8 33.Rxa7 Rxe5 34.Rd7 Kg7 35.Rd2 Kg6 36.Rb2 Kg5
37.b4  1-0

[Event "Eikrem mem"]
[Site "Gausdal NOR"]
[Date "2000.08.06"]
[Round "9"]
[White "Wiedermann,F"]
[Black "Osttveit,M"]
[Result "1/2-1/2"]
[WhiteElo "2169"]
[BlackElo "2079"]

1.d4 g6 2.e4 Bg7 3.Nc3 c6 4.Be3 d6 5.Qd2 Nf6 6.f3 b5 7.O-O-O Qa5 8.Kb1 Nbd7
9.Bh6 Bxh6 10.Qxh6 b4 11.Nce2 Nb6 12.Nc1 Be6 13.Nh3 Rb8 14.Nb3 Qh5  1/2-1/2

[Event "FSIMB August"]
[Site "Budapest HUN"]
[Date "2000.08.07"]
[Round "3"]
[White "Peter,S"]
[Black "Karacsony,A"]
[Result "0-1"]
[WhiteElo "2201"]
[BlackElo "2274"]

1.e4 g6 2.d4 Bg7 3.Nc3 c6 4.Nf3 d6 5.Be2 Nf6 6.O-O O-O 7.a4 Nfd7 8.Be3 Kh8
9.Qd2 Rg8 10.Bh6 Qf8 11.Bxg7+ Qxg7 12.Rfe1 Nf8 13.b4 Nbd7 14.b5 g5 15.Bf1 f6
16.Ne2 e6 17.Qc3 g4 18.Nd2 c5 19.Nc4 cxd4 20.Qxd4 Ne5 21.Nxd6 h5 22.Rad1 Nh7
23.Nc4 Nf7 24.Qc3 Nhg5 25.Qg3 Nxe4 26.Qh4 Qg5 27.Qxg5 Nfxg5 28.Nd6 Nc5 29.Ng3 Nxa4
30.Nxh5 f5 31.Nf4 Nc3 32.Rd3 Nce4 33.Nxe4 Nxe4 34.Ra3 Rd8 35.Bd3 Nc5 36.f3 gxf3
37.gxf3 Rd4 38.Ng6+ Kg7 39.Ne5 Kf6 40.Rc3 b6 41.Nc6 Rh4 42.Rc4 Rh6 43.Rd4 Bb7
44.Rd6 Rg8+ 45.Kh1 Rh4 46.Rg1 Rgh8 47.Rg2 Bxc6 48.Rxc6 R8h7 49.Re2 Re7 50.Rc8 Nxd3
51.cxd3 Rb4 52.Rf8+ Kg5 53.Kg2 Rxb5 54.h4+ Kg6 55.Kh3 Kg7 56.Rd8 Kf6  0-1

[Event "A64 Open"]
[Site "Olomouc CZE"]
[Date "2000.08.09"]
[Round "8"]
[White "Skjoldborg,J"]
[Black "Karlik,V"]
[Result "1/2-1/2"]
[WhiteElo "2207"]
[BlackElo "2285"]

1.e4 g6 2.d4 Bg7 3.Nc3 c6 4.g3 d5 5.exd5 cxd5 6.Bg2 Nf6 7.h3 Nc6 8.Be3 O-O
9.Qd2 e5 10.dxe5 Nxe5 11.Bxd5 Nxd5 12.Qxd5 Qxd5 13.Nxd5 Nc4 14.Bc1 Nxb2 15.Rb1 Nc4
16.Nc7 Rb8 17.Na6 Bc3+ 18.Ke2 Ra8 19.Nc7 Rb8 20.Na6  1/2-1/2

[Event "TCh-ESP"]
[Site "Barcelona ESP"]
[Date "2000.08.10"]
[Round "6"]
[White "Galiana,J"]
[Black "Serra Pages,J"]
[Result "1/2-1/2"]
[WhiteElo "2233"]
[BlackElo "2191"]

1.e4 c6 2.d4 g6 3.Nc3 Bg7 4.Be2 d5 5.e5 Qb6 6.Nf3 Bg4 7.O-O Bxf3 8.Bxf3 e6
9.a4 Nd7 10.a5 Qd8 11.b4 h6 12.Ne2 Ne7 13.Nf4 O-O 14.Bg4 Re8 15.Ra3 Kh7 16.Rh3 Ng8
17.Qd3 b6 18.Bh5 Nf8 19.Be2 bxa5 20.bxa5 c5 21.c3 c4 22.Qc2 Qxa5 23.Nh5 Nd7
24.Nxg7 Kxg7 25.Qd2 Rab8 26.Bd1 Rb1 27.Bc2 Ra1 28.Qd1 Ra2 29.Bb1 Ra1 30.Bb2 Ra4
31.Qc2 Rb8 32.Rf3 Ne7 33.g4 Qb5 34.Bc1 Ra1 35.Ba2 Kg8 36.Ba3 Rxf1+ 37.Kxf1 Nc6
38.Bc1 Kg7 39.Qd2 Rh8 40.Qf4 Nd8 41.Ba3 Qa4 42.Be7 Qxa2 43.Bxd8 Qb1+ 44.Kg2 Rxd8
45.Qxf7+ Kh8 46.Qe7 Rf8 47.Rxf8+ Nxf8 48.Qxf8+ Kh7 49.Qf7+ Kh8 50.Qf6+ Kh7
51.Qxe6 Qe4+ 52.Kg3 Qd3+ 53.f3 Qb1 54.Qe7+ Kh8  1/2-1/2

[Event "4th ch-Arab"]
[Site "Beirut LEB"]
[Date "2000.08.11"]
[Round "6"]
[White "Bintafrit,S"]
[Black "Al Hadarani,H"]
[Result "0-1"]
[WhiteElo "2285"]
[BlackElo "2374"]

1.e4 c6 2.d4 g6 3.Nc3 Bg7 4.Bc4 d6 5.Qf3 e6 6.Nge2 b5 7.Bb3 a6 8.a4 b4 9.Nb1 Ne7
10.Bg5 Nd7 11.Nd2 d5 12.O-O-O h6 13.Bf4 Bb7 14.Bd6 a5 15.Rhe1 O-O 16.g4 Re8
17.h4 Rc8 18.exd5 cxd5 19.Kb1 Qb6 20.Qf4 Rc6 21.Bxe7 Rxe7 22.Nf3 Rc8 23.Nc1 Qd8
24.Nd3 Nb6 25.Nc5 Bc6 26.Ne5 Be8 27.g5 h5 28.Rd3 Rxc5 29.dxc5 Nxa4 30.Qe3 Qc7
31.c6 Bxc6 32.Nxc6 Qxc6 33.Bxa4 Qxa4 34.Rxd5 Rb7 35.Rd8+ Kh7 36.Qe4 Bxb2
37.Kxb2 Qa3+ 38.Kb1 b3 39.Rc8 bxc2+ 40.Kxc2 Rb2+  0-1

[Event "It"]
[Site "Montreal CAN"]
[Date "2000.08.12"]
[Round "9"]
[White "Rozentalis,E"]
[Black "Goldenberg,D"]
[Result "1-0"]
[WhiteElo "2570"]
[BlackElo "2310"]

1.e4 c6 2.Nc3 g6 3.d4 Bg7 4.Bc4 d6 5.Qf3 e6 6.Nge2 b5 7.Bd3 a6 8.a4 Bb7 9.axb5 cxb5
10.Qg3 Nf6 11.Bg5 h6 12.Bxf6 Bxf6 13.e5 Bh4 14.Qh3 dxe5 15.dxe5 Nd7 16.O-O-O Bxf2
17.Ne4 Bxe4 18.Bxe4 Rc8 19.Qf3 Qg5+ 20.Nf4 Rc4 21.Rxd7 Kxd7 22.Rd1+ Kc8 23.b3 Rd4
24.Qc3+ Rc4 25.Qf3 Rd4 26.Qxf2 Rxd1+ 27.Kxd1 Qxe5 28.Bd3 Rd8 29.Ne2 Rd7 30.g3 Qd5
31.Kc1 e5 32.Qf6 Rd6 33.Qe7 Rd7 34.Qf8+ Rd8 35.Qb4 g5 36.Nc3 Qd4 37.Qa5 Rd6
38.Bxb5 axb5 39.Nxb5 Rb6 40.Nxd4  1-0

[Event "Lost Boys Open"]
[Site "Amsterdam NED"]
[Date "2000.08.13"]
[Round "3"]
[White "De Vilder,H"]
[Black "Lorscheid,G"]
[Result "1/2-1/2"]
[WhiteElo "2146"]
[BlackElo "2306"]

1.e4 g6 2.d4 Bg7 3.Nc3 c6 4.f4 d5 5.e5 h5 6.Nf3 Nh6 7.Be3 Bg4 8.Bd3 e6 9.O-O Nf5
10.Bf2 Nd7 11.h3 Bxf3 12.Qxf3 h4 13.Ne2 Bf8 14.b3 Ba3 15.c4 a5 16.Rab1 Kf8
17.Kh1 Be7 18.Ng1 a4 19.Qe2 Kg7 20.Nf3 axb3 21.axb3 Ra3 22.c5 Qa8 23.Rfd1 b6
24.b4 Qa4 25.Qe1 Ra2 26.Bxf5 gxf5 27.Bxh4 Bxh4 28.Nxh4 Qc2 29.Qg3+ Kf8 30.Rbc1 Qe2
31.Re1 Qb2 32.cxb6 Rg8 33.Qf3 Qxb4 34.Qc3 Qxc3 35.Rxc3 Nb8 36.Rb1 Ke7 37.Rcb3 Kd7
38.R1b2 Ra4 39.Nf3 Rc8 40.Kg1 c5 41.b7 Rc7 42.dxc5 Rxf4 43.Rb4 Rxb4 44.Rxb4 Rxc5
45.h4 Rc1+ 46.Kh2 Ke7 47.h5 Kf8 48.h6 Rc4 49.Rxc4 dxc4 50.Kg3 c3 51.Nd4 Kg8
52.Kf4 Kh7 53.Kg5 Nd7 54.Nc2 Kg8 55.Nd4 Kh7 56.Nc2 Kg8 57.Ne3  1/2-1/2

[Event "TCh-ESP"]
[Site "Barcelona ESP"]
[Date "2000.08.13"]
[Round "9"]
[White "Mellado Trivino,J"]
[Black "Cacho Reigadas,S"]
[Result "1/2-1/2"]
[WhiteElo "2463"]
[BlackElo "2444"]

1.d4 g6 2.e4 Bg7 3.Nc3 c6 4.Bc4 d6 5.Qf3 e6 6.Nge2 b5 7.Bb3 Nd7 8.Bf4 Qc7
9.h4 Ngf6 10.Bxd6 Qxd6 11.e5 Qb8 12.exf6 Nxf6 13.Qxc6+ Bd7 14.Qf3 O-O 15.a4 b4
16.Ne4 Nxe4 17.Qxe4 Qd6 18.h5 Bc6 19.Qg4 Rfd8 20.hxg6 hxg6 21.O-O-O Bd5 22.Kb1 Bxb3
23.cxb3 e5 24.d5 f5 25.Qg5 Rac8 26.Rd2 Rd7 27.g4 f4 28.Re1 Rcd8 29.Ng1 Qf6
30.Qxf6 Bxf6 31.Nf3 Rxd5 32.Rxd5 Rxd5 33.Kc2 Kf7 34.Nd2 Rd4 35.Re4 Ke6 36.Rxd4 exd4
37.Kd3 Kd5 38.Nf3 g5 39.Ne1 Be7 40.Nc2 Bc5 41.Ne1 Be7 42.Nf3 Bf6 43.Ne1 Be7  1/2-1/2

[Event "MSO Ron Banwell mem"]
[Site "London ENG"]
[Date "2000.08.20"]
[Round "1"]
[White "Roberts,P"]
[Black "Hodgson,Ju"]
[Result "1/2-1/2"]
[WhiteElo "2148"]
[BlackElo "2640"]

1.e4 g6 2.d4 Bg7 3.Nc3 c6 4.Nf3 d6 5.a4 Nf6 6.Be2 O-O 7.O-O Nbd7 8.Re1 Qc7
9.Bg5 h6 10.Bh4 e5 11.Qd2 Re8 12.Bf1 Nh5 13.dxe5 dxe5 14.a5 Nf8 15.Bc4 Bg4
16.Qe3 b5 17.axb6 axb6 18.h3 Be6 19.Nd2 b5 20.Bb3 Nf4 21.Red1 Nd7 22.Bxe6 Nxe6
23.Ne2 Nd4 24.Rxa8 Rxa8 25.c3 Ne6 26.Nc1 Qb6 27.Qxb6 Nxb6 28.Ndb3 Nc4 29.Nd3 g5
30.Bg3 Rd8 31.Kf1 Nf4 32.Bxf4 exf4 33.Ke2 Re8 34.Kf3 Ra8 35.Ke2 Ra4 36.Nbc1 Ne5
37.f3 Nxd3 38.Rxd3 b4 39.Nb3 Ra2 40.cxb4 Rxb2+ 41.Kf1 Kh7 42.Nd4 Bxd4 43.Rxd4 Kg6
44.Rd6+ Kh5 45.Kg1 Kh4 46.Kh2 h5 47.Rf6 Rxb4 48.Rxc6 g4 49.hxg4 hxg4 50.fxg4 Kxg4
51.Rf6 Rb7 52.Rf5 Re7 53.Rf6 Rxe4  1/2-1/2

[Event "Open"]
[Site "Porto San Giorgio ITA"]
[Date "2000.08.22"]
[Round "3"]
[White "Palac,M"]
[Black "Todorov,T"]
[Result "1-0"]
[WhiteElo "2573"]
[BlackElo "2481"]

1.e4 g6 2.d4 Bg7 3.Nc3 c6 4.Be3 d5 5.Qd2 Nf6 6.e5 Ng4 7.Bf4 h5 8.h3 Nh6 9.Nf3 a5
10.Bd3 Na6 11.Nd1 Bf5 12.Ne3 Bxd3 13.Qxd3 Qd7 14.O-O Nc7 15.Rfe1 Ne6 16.Bh2 Nc7
17.Rad1 e6 18.c4 Nf5 19.c5 a4 20.Nc2 Nb5 21.Na3 Nxa3 22.bxa3 Bf8 23.Rb1 Be7
24.Re2 O-O 25.Bf4 Rfb8 26.g4 Ng7 27.Kg2 h4 28.Qe3 Ra5 29.Bg5 Bf8 30.Bf6 Ne8
31.Qg5 Bg7 32.Qxh4 Bxf6 33.exf6 Qd8 34.g5 Nc7 35.Ne5 Qe8 36.Qh6 Qf8 37.Nxc6 Qxh6
38.gxh6 bxc6 39.Rxb8+ Kh7 40.Rb7 Nb5 41.Rxf7+ Kxh6 42.Rxe6 Nxd4 43.Re8 Kg5
44.f4+ Kf5 45.Re5+ Kxf4 46.Rfe7 Ra8 47.Re8 Ra7 48.R5e7  1-0

[Event "Open"]
[Site "Kiel GER"]
[Date "2000.08.23"]
[Round "5"]
[White "Schramm,B"]
[Black "Sterk,M"]
[Result "1-0"]
[WhiteElo "2148"]
[BlackElo "2040"]

1.e4 g6 2.d4 Bg7 3.Nc3 c6 4.Bc4 d6 5.Qf3 e6 6.Bf4 b5 7.Bb3 Ne7 8.Qg3 Bxd4
9.Bxd6 Bd7 10.Nf3 c5 11.Nxd4 cxd4 12.Be5 O-O 13.Bxd4 Nbc6 14.Bf6 Nf5 15.Qg5 h6
16.Bxd8 hxg5 17.Bxg5 Nfd4 18.Bf6 Nxb3 19.axb3 Nb4 20.O-O-O Bc6 21.h4 Kh7
22.Be7  1-0

[Event "ch-ESP"]
[Site "Barcelona ESP"]
[Date "2000.08.25"]
[Round "7"]
[White "Ferron Garcia,C"]
[Black "Serra Pages,J"]
[Result "1-0"]
[WhiteElo "2283"]
[BlackElo "2191"]

1.e4 c6 2.d4 g6 3.Nc3 Bg7 4.Be3 d5 5.exd5 cxd5 6.Qd2 Nc6 7.O-O-O a6 8.Kb1 b5
9.f3 e6 10.Nge2 Na5 11.Nc1 Bd7 12.Re1 Nf6 13.Bh6 Bxh6 14.Qxh6 b4 15.N3e2 Ng8
16.Qf4 Bb5 17.Ng3 Bxf1 18.Rhxf1 Qb8 19.Qg5 Nc4 20.Nb3 Qd8 21.Qf4 Qb8 22.Qc1 Kf8
23.f4 Qd6 24.Nc5 h5 25.Re2 h4 26.Nh1 Nf6 27.Nf2 Kg7 28.Nh3 Nd7 29.Nxd7 Qxd7
30.Ng5 Nd6 31.Qe3 Nc4 32.Qf2 a5 33.Nf3 h3 34.g4 a4 35.Ne5 Nxe5 36.dxe5 Rhf8
37.Re3 Rab8 38.Rxh3 b3 39.Qh4 bxc2+ 40.Kc1  1-0

[Event "Open"]
[Site "Kiel GER"]
[Date "2000.08.27"]
[Round "9"]
[White "Kreuzholz,M"]
[Black "Schwarz,F"]
[Result "1-0"]
[WhiteElo "2249"]
[BlackElo "2211"]

1.e4 g6 2.d4 Bg7 3.Nc3 c6 4.f4 d6 5.Nf3 b5 6.a3 a6 7.Be3 Nf6 8.Bd3 O-O 9.h3 Qc7
10.O-O Nfd7 11.Qe1 e5 12.dxe5 dxe5 13.f5 Bb7 14.Rd1 Re8 15.Qh4 Qd8 16.f6 Bxf6
17.Ng5 Bxg5 18.Bxg5 Qb6+ 19.Kh2 Nc5 20.Rxf7 h5 21.Qf2 Nbd7 22.Bh6 Rf8 23.Bxf8 Rxf8
24.Bc4  1-0

[Event "5th Paks Cup GM"]
[Site "Paks HUN"]
[Date "2000.08.27"]
[Round "9"]
[White "Kritz,L"]
[Black "Csom,I"]
[Result "1/2-1/2"]
[WhiteElo "2424"]
[BlackElo "2478"]

1.e4 c6 2.Nc3 g6 3.d4 Bg7 4.Be3 d5 5.f3 dxe4 6.fxe4 Qb6 7.Qd2 Qxb2 8.Rb1 Qa3
9.Nf3 Nf6 10.Ne5 Qa5 11.Bc4 Be6 12.Bxe6 fxe6 13.Rxb7 Qa6 14.Rb4 O-O 15.Ra4 Qc8
16.O-O Nbd7 17.Nf3 Ng4 18.Bg5 Nb6 19.Bxe7 Rf7 20.Bd6 c5 21.Bxc5 Nxa4 22.Nxa4 Qa6
23.Nb2 Rb8 24.Nd3 Bh6 25.Qe2 Qxa2 26.h3 Ne3 27.Rf2 Rb1+ 28.Kh2 Qa1 29.Nfe1 Rxf2
30.Qxf2 Qa5 31.Ne5 Qc7 32.g3 Bg7 33.Qxe3 Bxe5 34.dxe5 Rxe1 35.Qf2 Qc8 36.Qxe1 Qxc5
37.Qd2 a5 38.Qd8+ Qf8 39.Qd4 Qe8 40.h4 a4 41.Qd6 Qc8 42.c3 Kf7 43.c4  1/2-1/2

[Event "5th Paks Cup IM"]
[Site "Paks HUN"]
[Date "2000.08.28"]
[Round "10"]
[White "Papp,Ga"]
[Black "Belotelov,D"]
[Result "0-1"]
[WhiteElo "2254"]
[BlackElo "2270"]

1.e4 g6 2.d4 Bg7 3.Nc3 c6 4.Bc4 d6 5.Nf3 Nf6 6.Bb3 O-O 7.O-O Bg4 8.h3 Bxf3
9.Qxf3 e6 10.Bg5 h6 11.Bh4 Nbd7 12.Rad1 Qa5 13.Rfe1 Rfe8 14.Bg3 d5 15.Bd6 Qd8
16.e5 Nh7 17.Qe3 Nb6 18.f4 Nc8 19.Ba3 a5 20.Bd6 Nxd6 21.exd6 Qxd6 22.a4 b6
23.Kh1 Qd8 24.Ne2 Nf6 25.Ng3 h5 26.Nf1 Ne4 27.c3 Qh4 28.Re2 Bh6 29.g3 Qxh3+
30.Rh2 Qf5 31.Bc2 Rad8 32.Re1 c5 33.dxc5 bxc5 34.Bxe4 Qxe4+ 35.Qxe4 dxe4
36.Rxe4 Rd1 37.Kg1 Rb8 38.g4 f5 39.Rxe6 Bxf4 40.Rf2 Kf7 41.gxf5 g5 42.Kg2 Rb1
43.Ree2 Kf6 44.Nd2 Ra1 45.Ne4+ Kxf5 46.Nxc5 h4 47.Ne6 h3+ 48.Kxh3 Rh8+  0-1

[Event "Open"]
[Site "Porto San Giorgio ITA"]
[Date "2000.08.28"]
[Round "9"]
[White "Mrdja,M"]
[Black "Iordachescu,V"]
[Result "1/2-1/2"]
[WhiteElo "2431"]
[BlackElo "2594"]

1.e4 g6 2.d4 Bg7 3.Nc3 c6 4.Bc4 d6 5.Bb3 Nf6 6.f4 Bg4 7.Nf3 O-O 8.h3 Bxf3
9.Qxf3 e5 10.dxe5 dxe5 11.f5 a5 12.a4 Nbd7 13.Be3 Qe7 14.g4  1/2-1/2

[Event "ch-HUN KO"]
[Site "Budapest HUN"]
[Date "2000.09.01"]
[Round "3.1"]
[White "Balogh,C"]
[Black "Csom,I"]
[Result "1/2-1/2"]
[WhiteElo "2359"]
[BlackElo "2478"]

1.e4 c6 2.d4 g6 3.Nc3 Bg7 4.f4 d6 5.Nf3 Bg4 6.Be2 Qb6 7.e5 Nh6 8.Ne4 Nf5
9.c3 d5 10.Nf2 Bxf3 11.Bxf3 Nh4 12.O-O Nxf3+ 13.Qxf3 e6 14.Nd3  1/2-1/2

[Event "FSIMB September"]
[Site "Budapest HUN"]
[Date "2000.09.03"]
[Round "2"]
[White "Gara,A"]
[Black "Gouret,T"]
[Result "1-0"]
[WhiteElo "2291"]
[BlackElo "2346"]

1.e4 g6 2.d4 Bg7 3.Nc3 c6 4.f4 d5 5.e5 h5 6.Be3 Nh6 7.h3 Nf5 8.Bf2 h4 9.Bd3 b6
10.Nf3 e6 11.Qe2 a5 12.O-O Ba6 13.Nd1 Bh6 14.Bxa6 Rxa6 15.Qd2 a4 16.Nh2 Bf8
17.Ne3 Nxe3 18.Bxe3 Nd7 19.b3 Qa8 20.Rac1 b5 21.c4 bxc4 22.bxc4 Nb6 23.cxd5 cxd5
24.Qb2 Nc4 25.Qb5+ Kd8 26.Rxc4 dxc4 27.d5 exd5 28.Rd1 Qc6 29.Qb8+ Kd7 30.e6+ fxe6
31.Rb1 Bd6 32.Qxh8  1-0

[Event "World Seniors (Women)"]
[Site "Rowy POL"]
[Date "2000.09.14"]
[Round "4"]
[White "Shestoperova,A"]
[Black "Gumilevskaja,G"]
[Result "1/2-1/2"]
[WhiteElo "2176"]
[BlackElo "2063"]

1.e4 g6 2.d4 Bg7 3.Nc3 c6 4.h3 d5 5.Be3 dxe4 6.Nxe4 Bf5 7.Ng3 Be6 8.Qd2 h5
9.Ne4 Nh6 10.Nc5 Bc8 11.c3 b6 12.Nd3 Nf5 13.Bf4 f6 14.h4 Be6 15.Ne2 Qd7 16.Ng3 Nxg3
17.Bxg3 Bxa2 18.Be2 Bf7 19.O-O a5 20.Bf3 O-O 21.Qe3 Bc4 22.Rfd1 Bxd3 23.Qxd3 f5
24.Qc4+ Kh7 25.Bxb8 Raxb8 26.Qxc6 Qd8 27.Qd5 Qc7 28.Re1 Bf6 29.g3 f4 30.Kg2 fxg3
31.fxg3 Rbd8 32.Qc6 Qxc6 33.Bxc6 Kh6  1/2-1/2

[Event "World Seniors"]
[Site "Rowy POL"]
[Date "2000.09.14"]
[Round "4"]
[White "Zhuravlev,N"]
[Black "Adasiak,L"]
[Result "1-0"]
[WhiteElo "2272"]
[BlackElo "2059"]

1.e4 g6 2.d4 Bg7 3.Nc3 c6 4.Be3 d6 5.Qd2 Nf6 6.Bh6 O-O 7.Bxg7 Kxg7 8.f4 b5
9.Bd3 Qb6 10.e5 Ng8 11.Nce2 Bb7 12.Be4 Nd7 13.Nf3 Rfd8 14.c3 a5 15.O-O c5
16.Qe3 Nh6 17.Bxb7 Qxb7 18.Ng3 cxd4 19.cxd4 Nf8 20.Rad1 Qa7 21.Kh1 Ne6 22.Ng5 Nxg5
23.fxg5 Ng8 24.Qf4 dxe5 25.Qxf7+ Kh8 26.Qe6 Qc7 27.dxe5 Rxd1 28.Rxd1 Rd8
29.Rf1 Qc2 30.h3 Rd1 31.Rxd1 Qxd1+ 32.Kh2 Qd2 33.Qb3 b4 34.a3 bxa3 35.Qxa3 Qxg5
36.Qxa5 Nh6 37.Qc3 Kg8 38.b4 Qh4 39.Kg1 Nf5 40.Nxf5 gxf5 41.Qc8+ Kg7 42.Qxf5 Qxb4
43.Kh2 h6 44.Qg4+ Qxg4 45.hxg4 Kg6 46.Kh3 Kg5 47.Kg3 e6 48.Kf3 h5 49.gxh5 Kxh5
50.Kf4 Kh6 51.Kg4 Kg6 52.g3 Kh6 53.Kh4 Kg6 54.g4 Kh6 55.g5+ Kg6 56.Kg4 Kf7
57.Kh5  1-0

[Event "World Seniors (Women)"]
[Site "Rowy POL"]
[Date "2000.09.18"]
[Round "7"]
[White "Dymshits,G"]
[Black "Shestoperova,A"]
[Result "1-0"]
[WhiteElo "2031"]
[BlackElo "2176"]

1.e4 g6 2.d4 Bg7 3.Nc3 c6 4.Be3 d6 5.f4 Nf6 6.h3 a6 7.Nf3 b5 8.Bd3 Bb7 9.O-O O-O
10.Qd2 Qc7 11.e5 Nd5 12.Nxd5 cxd5 13.c3 Qb6 14.f5 Bc8 15.Bh6 dxe5 16.Bxg7 Kxg7
17.Nxe5 Nd7 18.Ng4 Kg8 19.Qg5 f6 20.Qe3 g5 21.Qxe7 h5 22.Nh6+ Kh8 23.Nf7+ Kg8
24.Nxg5 fxg5 25.Qxg5+ Kf7 26.Rae1 Qf6 27.Qxh5+ Kg8 28.Re6  1-0

[Event "World Seniors (Women)"]
[Site "Rowy POL"]
[Date "2000.09.21"]
[Round "9"]
[White "Zvorykina,K"]
[Black "Khmiadashvili,T"]
[Result "0-1"]
[WhiteElo "2160"]
[BlackElo "2245"]

1.e4 c6 2.d4 g6 3.Nc3 Bg7 4.Be3 d5 5.e5 h5 6.Nf3 Bg4 7.h3 Bxf3 8.Qxf3 e6
9.Bd3 Nd7 10.O-O Nh6 11.Ne2 Nf5 12.Nf4 h4 13.c3 Qe7 14.b4 a5 15.a3 a4 16.Bc2 Nb6
17.Nd3 Nc4 18.Bc1 Bh6 19.Nb2 Nxb2 20.Bxb2 b5 21.Bc1 Bxc1 22.Raxc1 Qg5 23.Rcd1 Ke7
24.Rfe1 Ng7 25.Re3 Nh5 26.Rde1 Nf4 27.Bd1 Raf8 28.Qg4 Qxg4 29.Bxg4 g5 30.Kh2 Rh6
31.Kg1 Re8 32.f3 Kd7 33.Kf2 Ng6 34.Kg1 Ne7 35.Kf2 Nc8 36.Ke2 Nb6 37.Kd3 Nc4
38.R3e2 Nxa3 39.f4 gxf4 40.Rf1 f5 41.Bf3 Nc4 42.Ra2 Rg8 43.Rff2 Rg3 44.Kc2 Rhg6
45.Kb1 Rg8 46.Rae2 Ke7 47.Ka2 Nb6 48.Kb2 Nd7 49.Kc1 Nf8 50.Kd2 Nh7 51.Ke1 Ng5
52.Kf1 Nxf3 53.Rxf3 Rxf3+ 54.gxf3 Rg3  0-1

[Event "ch-USA Women"]
[Site "Seattle USA"]
[Date "2000.10.02"]
[Round "7"]
[White "Shahade,J"]
[Black "Frenklakh,J"]
[Result "1-0"]
[WhiteElo "2238"]
[BlackElo "2133"]

1.e4 c6 2.d4 g6 3.Nc3 Bg7 4.Nf3 d6 5.Be3 Nf6 6.Qd2 Nbd7 7.O-O-O Qa5 8.Kb1 b5
9.e5 dxe5 10.dxe5 Ng4 11.e6 fxe6 12.Nxb5 Qxd2 13.Nc7+ Kf7 14.Rxd2 Rb8 15.Ng5+ Kg8
16.Bc4 Bxb2 17.Bxe6+ Kg7 18.Bb3 Nxe3 19.Nce6+ Kg8 20.fxe3 Bf6 21.Ne4 Nf8
22.Nd8+ Kg7 23.Nxc6 Rb7 24.Nxf6 exf6 25.Rd8 Bf5 26.Rhd1 Be4 27.Nd4 Bxg2 28.Nf5+ gxf5
29.Rg1 Ng6 30.Rxh8 Kxh8 31.Rxg2 Kg7 32.Kc1 Re7 33.Kd2 Re5 34.c4 Kf8 35.Rg3 f4
36.exf4 Nxf4 37.Rf3 Nh5 38.Bc2 Rg5 39.Kc3 h6 40.Rf5 Ke7 41.Rf2 Ng7 42.Be4 Ne6
43.Bd5 Nc7 44.Bc6 Ne6 45.Rf3 Rh5 46.Rd3 Nc5 47.Rd2 Ke6 48.Bd5+ Ke5 49.Kb4 Ne4
50.Bxe4 Kxe4 51.c5 Rd5 52.Rc2 Rd7 53.c6 Rc7 54.Kc5 f5 55.Kd6 Rc8 56.c7 f4
57.Kd7 Rxc7+ 58.Kxc7 f3 59.a4 Ke3 60.a5 f2 61.Rc1 Ke2 62.a6 f1=Q 63.Rxf1 Kxf1
64.Kb7 Kg2 65.h4 h5 66.Kxa7 Kg3 67.Kb6 Kxh4 68.a7 Kg3 69.a8=Q h4 70.Qh1  1-0

[Event "Abihome Open"]
[Site "Brussels BEL"]
[Date "2000.10.08"]
[Round "10"]
[White "Fressinet,L"]
[Black "Baklan,V"]
[Result "1/2-1/2"]
[WhiteElo "2536"]
[BlackElo "2599"]

1.e4 g6 2.d4 Bg7 3.Nc3 c6 4.Nf3 d5 5.h3 Nh6 6.Bd3 f6 7.Ne2 O-O 8.O-O Nf7
9.exd5 cxd5 10.c4 e6 11.Nc3 Nc6 12.Re1 Kh8 13.cxd5 exd5 14.Qb3 Ng5 15.Nxg5 fxg5
16.Be3 Nxd4 17.Qxd5 Qxd5 18.Nxd5 Bf5 19.Rad1 Bxd3 20.Rxd3 Nc2 21.Re2 Nxe3
22.fxe3 Rac8 23.Nc3 b5 24.a3 a5 25.Rf2 Rxf2 26.Kxf2 b4 27.axb4 axb4 28.Nd5 Rc2+  1/2-1/2

[Event "It"]
[Site "Medellin COL"]
[Date "2000.10.08"]
[Round "13"]
[White "Ostos,J"]
[Black "Gonzalez,Re"]
[Result "1-0"]
[WhiteElo "2344"]
[BlackElo "2435"]

1.e4 g6 2.d4 Bg7 3.Nc3 c6 4.Nf3 d5 5.h3 dxe4 6.Nxe4 Na6 7.c3 Nc7 8.Bd3 Nf6
9.Nxf6+ exf6 10.O-O O-O 11.Qb3 b5 12.a4 Be6 13.Qd1 a6 14.Bf4 Bd5 15.Re1 Ne6
16.Bg3 Bh6 17.Bh4 Bf4 18.Nd2 Ng5 19.Ne4 f5 20.Bxg5 Bxg5 21.Nxg5 Qxg5 22.Bf1 Rae8
23.axb5 axb5 24.Qc1 f4 25.Qd2 h6 26.Kh2 h5 27.Rxe8 Rxe8 28.Re1 Rxe1 29.Qxe1 f3
30.g3 h4 31.gxh4 Qxh4 32.Qe3 Qd8 33.Bd3 Qb8+ 34.Qe5 Qd8 35.Kg3 f5 36.h4 Kf7
37.Bc2 Qg8 38.Bd1 Qd8 39.Qf4 Kg7 40.Bxf3 Bxf3 41.Qxf3 Qa8 42.Qe3 Qa1 43.Qe5+ Kh7
44.Qc7+ Kh6 45.Qxc6 Qxb2 46.Qc8 Kg7 47.Qc7+ Kh6 48.Qf4+ Kg7 49.Qe5+ Kh7 50.d5 Qa1
51.Kh2 Qa5 52.Qe7+ Kg8 53.Qg5 Kf7 54.h5 gxh5 55.Qxh5+ Kf6 56.Qh6+ Ke7 57.Qe6+ Kd8
58.Qf6+ Kc7 59.Qxf5 Qa2 60.Qf7+ Kb6 61.Qf6+ Kc7 62.Qc6+ Kd8 63.Kg2 Qc2 64.Qf6+ Kd7
65.Qe6+ Kc7 66.d6+ Kb7 67.Qd5+ Ka6 68.d7 Qg6+ 69.Kf3 Qf6+ 70.Ke2 Qd8 71.Qe6+ Kb7
72.Qe8  1-0

[Event "Tatry Open"]
[Site "Tatranske Zruby SVK"]
[Date "2000.10.09"]
[Round "3"]
[White "Hanzluvka,P"]
[Black "Karlik,V"]
[Result "1/2-1/2"]
[WhiteElo "2128"]
[BlackElo "2285"]

1.e4 g6 2.d4 Bg7 3.Nc3 c6 4.Nf3 d6 5.h3 Nf6 6.Bc4 b5 7.Bd3 Qc7 8.Be3 O-O
9.O-O Nbd7 10.Qd2 Re8 11.Ne2 e5 12.dxe5 dxe5 13.a4 Bb7 14.Ng3 a6 15.axb5 cxb5
16.Qa5 Qxa5 17.Rxa5 Rac8 18.b4 Bf8 19.Rb1 Rc6 20.Nd2 Nb6 21.Ra2 Na4 22.Rb3 Nc3
23.Raa3 Rec8 24.Nb1 Na4 25.Ne2 R8c7 26.Nd2 Nb6 27.f3 Nc4 28.Bxc4 bxc4 29.Rb1 c3
30.Nf1 Rc4 31.Rab3 h6 32.Bb6 Rc8  1/2-1/2

[Event "Tatry Open"]
[Site "Tatranske Zruby SVK"]
[Date "2000.10.11"]
[Round "5"]
[White "Tupy,M"]
[Black "Balogh,T"]
[Result "0-1"]
[WhiteElo "2298"]
[BlackElo "2421"]

1.d4 g6 2.e4 Bg7 3.Nc3 c6 4.Bc4 d6 5.Qf3 e6 6.Nge2 d5 7.Bd3 Nd7 8.h4 b5 9.a3 f5
10.e5 a6 11.g4 Qe7 12.Nf4 Bxe5 13.gxf5 Bxd4 14.Nce2 exf5 15.Kd1 Bg7 16.Nxd5 cxd5
17.Qxd5 Rb8 18.Re1 Bb7 19.Qb3 Nc5  0-1

[Event "Tatry Open"]
[Site "Tatranske Zruby SVK"]
[Date "2000.10.13"]
[Round "7"]
[White "Kasparov,S"]
[Black "Karlik,V"]
[Result "1-0"]
[WhiteElo "2464"]
[BlackElo "2285"]

1.e4 g6 2.d4 Bg7 3.Nc3 c6 4.h3 d6 5.Nge2 Nf6 6.g3 O-O 7.Bg2 e5 8.O-O Nbd7
9.Be3 Re8 10.g4 h5 11.g5 Nh7 12.h4 f6 13.f4 fxg5 14.hxg5 exf4 15.Nxf4 Qxg5
16.Qd3 Qg4 17.Qc4+ Kh8 18.Qf7 Nhf6 19.Nxg6+ Kh7 20.Nf4 Rf8 21.Qc4 Bh6 22.Qd3 Nb6
23.Nce2 d5 24.Nxd5 cxd5 25.Bxh6 Kxh6 26.e5 Nh7 27.Rxf8 Nxf8 28.Rf1 Kg7 29.Rf3 Qg6
30.Qa3 Bg4 31.Rf6 Qe8 32.Qe3 Nh7 33.Qh6+ Kh8 34.Nf4 Rc8 35.Rf8+ Qxf8 36.Ng6+ Kg8
37.Nxf8 Nxf8 38.Qg5+ Kf7 39.c3 Rc7 40.Kh2 Ne6 41.Qh6 Ke7 42.Bh3 Nd7 43.Bxg4 hxg4
44.Kg3 Ndf8 45.Qh1 Rd7 46.Kxg4 Kd8 47.Kg3 Kc7 48.Kf2 Ng6 49.Ke3 Ngf4 50.Kd2 Rg7
51.Kc2 Rg3 52.Qh7+ Rg7 53.Qh1 Rg2+ 54.Kb3 Rg3 55.Kc2 Rg2+ 56.Kb3 Rg3 57.Qh7+ Rg7
58.Qh6 Rg3 59.Qh7+ Rg7 60.Qf5  1-0

[Event "Tatry Open"]
[Site "Tatranske Zruby SVK"]
[Date "2000.10.15"]
[Round "9"]
[White "Tupy,M"]
[Black "Zacik,A"]
[Result "1-0"]
[WhiteElo "2298"]
[BlackElo "2140"]

1.d4 g6 2.e4 Bg7 3.Nc3 c6 4.Bc4 d6 5.Qf3 e6 6.Nge2 d5 7.Bd3 Nd7 8.h4 f5 9.e5 b5
10.a3 Rb8 11.g4 Qa5 12.gxf5 exf5 13.b4 Qd8 14.Bg5 Ne7 15.h5 h6 16.Bxe7 Qxe7
17.hxg6 Nxe5 18.dxe5 Bxe5 19.Kf1 Qg7 20.Re1 O-O 21.Nd1 Rf6 22.Nf4 Qc7 23.Rxh6 Bd7
24.Qh5  1-0

[Event "Tatry Open"]
[Site "Tatranske Zruby SVK"]
[Date "2000.10.15"]
[Round "9"]
[White "Salai,L"]
[Black "Karlik,V"]
[Result "1-0"]
[WhiteElo "2424"]
[BlackElo "2285"]

1.e4 g6 2.d4 Bg7 3.Nc3 c6 4.Nf3 d6 5.Bc4 Nf6 6.Bb3 O-O 7.O-O Bg4 8.h3 Bxf3
9.Qxf3 Nbd7 10.Be3 Qc7 11.Rad1 b5 12.a3 a5 13.Rfe1 b4 14.axb4 axb4 15.Nb1 e6
16.Nd2 c5 17.dxc5 Nxc5 18.Bxc5 Qxc5 19.Nc4 d5 20.exd5 Nxd5 21.Ne5 Rad8 22.Nd3 Qb6
23.Ra1 Qd6 24.Ra4 Rb8 25.Rea1 Rfc8 26.Ra6 Rc6 27.Rxc6 Qxc6 28.Ra7 Rb7 29.Nxb4  1-0